Statistics for Cities Beginning With "N" on a Map

Click here to take the quiz!

General Stats

  • This quiz has been taken 36,690 times
  • The average score is 12 of 23

Answers on the Map

Answers color-coded by a green-red scale on the quiz's map according to % correct below.
 

Answer Stats

City% Correct
New York City
95%
Naples
91%
New Orleans
81%
Nice
81%
Nairobi
79%
Nassau
74%
Newcastle
69%
Nashville
68%
Nicosia
68%
Nuremberg
68%
Nagasaki
61%
Nanjing
53%
N'Djamena
47%
Nagoya
45%
Niamey
45%
Nouakchott
43%
Novosibirsk
36%
Nizhny Novgorod
34%
Novi Sad
27%
Natal
22%
Nagpur
18%
Nanning
15%
Naha
14%

Score Distribution

Percentile by Number Answered

Percent of People with Each Score

Your Score History

You have not taken this quiz